Las Islas de los Galápagos y otra más a poniente / (Record no. 156345)

MARC details
000 -LEADER
campo de control de longitud fija 00995nam a2200241 i 4500
001 - NÚMERO DE CONTROL
campo de control 156345
003 - IDENTIFICADOR DE NÚMERO DE CONTROL
campo de control ES-MaACL
005 - FECHA Y HORA DE LA ÚLTIMA TRANSACCIÓN
campo de control 20250828063258.0
008 - DATOS DE LONGITUD FIJA--INFORMACIÓN GENERAL
campo de control de longitud fija 981229s1892 sp b |||| | spa d
040 ## - FUENTE DE CATALOGACIÓN
Centro catalogador/agencia de origen CCPB | B
Lengua de catalogación spa
Centro/agencia transcriptor CCPB | B
080 ## - NÚMERO DE LA CLASIFICACIÓN DECIMAL UNIVERSAL
Número de la Clasificación Decimal Universal 910.4(866.4)"15"
080 ## - NÚMERO DE LA CLASIFICACIÓN DECIMAL UNIVERSAL
Número de la Clasificación Decimal Universal 910.4(935)"15"
100 1# - ENTRADA PRINCIPAL--NOMBRE DE PERSONA
Nombre de persona Jiménez de la Espada, Marcos,
Fechas asociadas al nombre 1831-1898
9 (RLIN) 222553
245 14 - MENCIÓN DEL TÍTULO
Título Las Islas de los Galápagos y otra más a poniente /
Mención de responsabilidad, etc. [Marcos Jiménez de la Espada].
260 ## - PUBLICACIÓN, DISTRIBUCIÓN, ETC.
Lugar de publicación, distribución, etc. Madrid :
Nombre del editor, distribuidor, etc. [s.n.],
Fecha de publicación, distribución, etc. 1892 (
Fabricante Imp. de Fortanet)
300 ## - DESCRIPCIÓN FÍSICA
Extensión 52 p., [1] h. pleg. de map. ;
Dimensiones 25 cm.
594 ## - Nota al título y mención de responsabilidad
Nota al título y mención de responsabilidad Autor consta en fin de texto.
596 ## - NOTA AL PIE DE IMPRENTA
NOTA AL PIE DE IMPRENTA El pie de imp. consta en colofón.
651 #4 - PUNTO DE ACCESO ADICIONAL DE MATERIA--NOMBRE GEOGRÁFICO
Nombre geográfico Galápagos (Ecuador)-
Subdivisión general Descubrimientos y exploraciones.
9 (RLIN) 150786
651 #4 - PUNTO DE ACCESO ADICIONAL DE MATERIA--NOMBRE GEOGRÁFICO
Nombre geográfico Islas Salomón-
Subdivisión general Descubrimientos y exploraciones-
-- Españoles.
9 (RLIN) 150787
852 ## - LOCALIZACIÓN
Ubicación ES-MaACL
Número de control de estantería T-511-F-11
Nota libre - Enc. hol.
-- . - Dedicatoria autógrafa del autor
-- - Enc. en un vol. facticio
Holdings
Estatus retirado Estado de pérdida Estado de daño No para préstamo Colección Biblioteca de origen Biblioteca actual Ubicación en estantería Fecha de adquisición Total de préstamos Signatura topográfica completa Código de barras Visto por última vez Precio de reemplazo Tipo de ítem Koha
        Colección de folletos Biblioteca del Ateneo de Madrid Biblioteca del Ateneo de Madrid Depósito folletos 17/01/2008   T-511-F-11 1163568 23/02/2023 23/02/2023 Folleto